[Event "Asia Cities-ch 11th"]
[Site "Genting Highlands"]
[Date "1998.04.13"]
[Round "7"]
[White "Ng Ee Vern, Laine"]
[Black "Ravichandran, Vaidyanathan"]
[Result "1-0"]
[WhiteElo "2210"]
[BlackElo "2250"]
[PlyCount "66"]
[EventDate "1998.04.09"]
[EventType "team-swiss"]
[EventRounds "9"]
[EventCountry "MAS"]
[SourceTitle "EXT 2020"]
[Source "ChessBase"]
[SourceDate "2019.10.17"]
[SourceVersion "1"]
[SourceVersionDate "2019.10.17"]
[SourceQuality "1"]
[WhiteTeam "Shah Alam"]
[BlackTeam "Chrompet"]
[WhiteTeamCountry "MAS"]
[BlackTeamCountry "IND"]

1. d4 Nf6 2. c4 g6 3. Nc3 d5 4. cxd5 Nxd5 5. e4 Nxc3 6. bxc3 Bg7 7. Bc4 c5 8. Ne2 Nc6 9. Be3 0-0 10. 0-0 Qc7 11. Rc1 Rd8 12. Qc2 Na5 13. Bb3 c4 14. Ba4 a6 15. Qd2 b5 16. Bc2 e6 17. Bb1 f5 18. Bg5 Re8 19. e5 Nc6 20. h4 Ne7 21. h5 Bb7 22. f3 Rad8 23. Nf4 Kf7 24. Qf2 Rd7 25. Bxe7 Kxe7 26. hxg6 hxg6 27. Qh4+ Kf8 28. Nxg6+ Kf7 29. Qh5 Rg8 30. Bxf5 Bd5 31. Nf4+ Kf8 32. Bxe6 Bxe5 33. Qf5+ Rf7 1-0